000 01199nam a2200325 a 4500
008 210612s2006 sp a b 010 p cat d
020 _a9771134178002
022 _a11354178
040 _aEG-GiCUC
_bspa
_cEG-GiCUC
092 0 4 _a849.9109
_bP7452
_221
099 _a04
_a849.9109 P7452
245 0 0 _aPoesia i silenci /
_cedició de Antònia Cabanilles, Ferran Carbó, Evelio Miñano.
260 _aValencia [Spain] :
_bFacultad de Filologia, Universitat de Valencia,
_c2006.
300 _a237 p.;
_c22 cm.
490 1 _aQuaderns de filologia.Estudis literaris;
_v11
504 _aIncludes bibliographical references.
546 _aText in Catalan, Spanish, and French; abstracts also in English.
650 0 _aCatalan poetry
_xHistory and criticism.
650 0 _aSilence in literature.
700 1 _aCabanilles, Antonia.
700 1 _aFerran, Carbó
700 1 _aMiñano Martínez, Evelio.
710 2 _aUniversidad de Valencia.
_bFacultat de Filologia.
830 0 _aQuaderns de filologia.
_pEstudis literaris;
_v11
902 _a1
905 _aAmro L.
_eCat.
905 _aReda
_eRev.
942 _2ddc
_cBK
999 _c159651
_d159651